00577nam a2200181 4500003001100000005001700011008004100028020001500069040003900084041000800123082001600131100001900147245006600166260003100232300008000263650003000343650002200373LK-CoMWRAF20231206132703.0230929b2007 |||||||| |||| 00| 0 eng d a9559726226 aLK-CoMWRAFdLK-CoMWRAFeLK-CoMWRAF aeng a954.93bHUS aHussein, Asiff aSarandib: ban ethnological study of the Muslims of Sri Lanka a[Nugegoda]:bAuthor,c2007 axiv, 490 p. : ill. (chiefly col.) ; 23 cm.bBibliography and index included aMUSLIMS-Sri Lanka-History aHistory-Sri Lanka